000 00504nam a22001937a 4500
003 MPLRDC
005 20220104161645.0
008 210129b ||||| |||| 00| 0 eng d
020 _a7-5332-4841-4
082 _a859.9 ROS v.2
100 _aTONY ROSS
245 _a我长大以后
_c余治莹译
250 _a一版一刷
260 _a中国
_b明天出版社
_c2005
300 _b
490 _a小公主幼儿成长图画书
650 _a幼儿图画书; 绘本
942 _cBK
_o859.9 ROS v.2
999 _c55592
_d55582